Diktáty na CD český jazyk 6.-9. ročník ZŠ, víceletá gymnázia : do školy i na domácí procvičování /

Hlavní autor: Drábová, Renáta
Další autoři: Zubíková, Zdeňka, Maciuchová, Hana, 1945-2021
Jazyk: Čeština
Vydáno: Praha : Fragment, 2010
Vydání: 1. vyd.
Témata:
Fyzický popis: 1 zvuková deska : digital, MP3 + příloha
Zvukové nahrávky
Uloženo v:
LEADER 01569nim a2200421 a 4500
001 001099603
003 CZ BrMZK
005 20110111100053.0
007 sd^
008 100601s2010 xr c cze
040 |a BOA001  |b cze 
072 7 |a 811.162.3  |x Čeština  |2 Konspekt  |9 11 
080 |a 811.162.3  |2 MRF 
080 |a 81'35  |2 MRF 
080 |a 81'36  |2 MRF 
080 |a (076.3)  |2 MRF 
080 |a (086.76)  |2 MRF 
100 1 |a Drábová, Renáta  |7 mzk2004258639  |4 aut 
245 1 0 |a Diktáty na CD  |h [zvukový záznam] :  |b český jazyk 6.-9. ročník ZŠ, víceletá gymnázia : do školy i na domácí procvičování /  |c text Renáta Drábová, Zdeňka Zubíková 
246 3 0 |a Český jazyk 6.-9. ročník ZŠ, víceletá gymnázia 
250 |a 1. vyd. 
260 |a Praha :  |b Fragment,  |c 2010 
300 |a 1 zvuková deska :  |b digital, MP3 +  |e příloha 
500 |a Název z pouzdra 
500 |a Kompaktní deska 
511 0 |a Namluvila Hana Maciuchová 
518 |a Natočeno ve studiu Chevaliere, Řevnice 
650 0 7 |a čeština  |7 ph135292  |2 czenas 
650 0 7 |a pravopis  |7 ph124564  |2 czenas 
650 0 7 |a mluvnice  |7 ph115331  |2 czenas 
655 7 |a diktáty a cvičení  |7 fd186920  |2 czenas 
655 7 |a kompaktní desky  |7 fd201991  |2 czenas 
700 1 |a Zubíková, Zdeňka  |7 mzk2004258640  |4 aut 
700 1 |a Maciuchová, Hana,  |d 1945-2021  |7 jn19990209503  |4 nrt 
910 2 |a BOA001  |b CDR2-1241.712 
990 |a AV 
991 |b 201011  |c NOV  |e n 
996 6 |b 2610438960  |c CDR2-1241.712  |l MZK  |r Sklad / do 24 hodin  |n 1  |p p.v.  |w 001126074  |u 000010  |a 1  |e BOA001  |j MZK50  |s P